| 000 | 02468nam2a22003131 4500 | ||
|---|---|---|---|
| 001 | rc\4840733 | ||
| 005 | 20250612193600.0 | ||
| 021 |
_aRU _bРг5524-68 |
||
| 035 | _a(NLR Aleph) 008809898 | ||
| 090 |
_a8155222 _c8155222 |
||
| 100 | _a20130426d1965 |||y0rusy50 ca | ||
| 101 | 0 | _arus | |
| 102 | _aRU | ||
| 105 | _ay z ||||| | ||
| 200 | 1 |
_aОбщие работы _aРаздел 1. Металлический корпус _aРаздел 2. Дерево в составе корпуса, изоляция, отделка, оборудование и меблировка помещений _aРаздел 3. Судовые устройства (без механизмов) _aРаздел 4. Главные паровые котлы _aРаздел 5. Главный турбозубчатый агрегат _aРаздел 6. Вспомогательные двигатели, вспомогательные механизмы и установки] _eУтв. 6/II 1965 |
|
| 210 |
_d1965 _aБ. м. |
||
| 215 | _a191 с. | ||
| 461 | 0 |
_1001rc\4840732 _12001#$aПрейскурант типовых ремонтных работ для судов типа ПТ/X "Ленинский комсомол"$fСССР. М-во мор. флота. Черномор. мор. пароходство. Одес. судоремонтный завод № 1$v[Ч. 1]. [Раздел 0 _98155218 _aЧерноморское морское пароходство _cОдесса _d1965 _fСССР. М-во мор. флота. Черномор. мор. пароходство. Одес. судоремонтный завод № 1 _nБ. и. _tПрейскурант типовых ремонтных работ для судов типа ПТ/X "Ленинский комсомол" _v[Ч. 1]. [Раздел 0 |
|
| 517 | 0 | _aГлавные паровые котлы | |
| 517 | 0 | _aГлавный турбозубчатый агрегат | |
| 517 | 0 | _aВспомогательные двигатели, вспомогательные механизмы и установки | |
| 517 | 0 | _aМеталлический корпус | |
| 517 | 0 | _aСудовые устройства (без механизмов) | |
| 517 | 0 | _aДерево в составе корпуса, изоляция, отделка, оборудование и меблировка помещений | |
| 801 | 0 |
_aRU _bNLR _gpsbo |
|
| 801 | 1 |
_aRU _bELAR _2rusmarc |
|
| 852 |
_aNLR _jПт 90.1/216 |
||
| 942 | _cBOOK | ||
| 980 | _aNB | ||